Blutfogel Boldizsár miniátor

Bibliographic Details
Main Author: Soltész, Zoltánné (Author)
Format: Book
Language:Hungarian
PhysicalDescription:18 strán faksimile 24 cm
Published: Budapest OSzK 1957
Series:Az Országos Széchényi Konyvtár kiadványai
Subjects:

MARC

LEADER 00000cam a2200000 a 4500
001 vtls009625785
003 SK-MaSNL
005 20260301171418.0
008 250312s1957 hu h grn 000 0bhun
015 |a SNBA1957 
020 |q (brožované) 
035 |a urn:nbn:sk:snk-am00df9m 
035 |a urn:nbn:sk:snk-am3i093 
035 |a C0FB8B14-4C41-49EC-BB4E-1B2B3906A19B 
040 |a SNK  |b slo  |c SNK  |e AACR2 
041 0 |a hun  |b ger 
044 |a hu  |c HU 
080 |a 272-722.53  |2 2011 
080 |a 75.056/.057.071.1  |2 2011 
080 |a (092)  |2 2011 
100 1 |a Soltész, Zoltánné  |4 aut  |9 539051 
245 1 0 |a Blutfogel Boldizsár miniátor  |c Soltész Zoltánné 
260 |a Budapest  |b OSzK  |c 1957  |e Budapest  |f Akadémia 
300 |a 18 strán  |b faksimile  |c 24 cm 
490 1 |a Az Országos Széchényi Konyvtár kiadványai  |v XLI 
500 |a Názov z obálky 
504 |a Obsahuje bibliografické odkazy a poznámky ; zoznamy 
546 |a Nemecké resumé 
600 1 7 |a Blutfogel, Baltazár,  |d zomrel 1516  |2 SNKMA  |9 192189 
650 0 7 |a katolícki kňazi  |2 SNKPH  |9 1290 
650 0 7 |a iluminátori  |2 SNKPH  |9 30119 
655 7 |a biografie  |2 SNKPH  |9 27965 
752 |a Maďarsko  |d Budapešť 
830 0 |a Az Országos Széchényi Konyvtár kiadványai  |9 320107 
852 |a Slovenská národná knižnica 
958 |a NB 
958 |a BX 
958 |a OND 
999 |c 830754  |d 832684 
952 |a SNK  |b SNK  |y PREZ  |7 0  |p 17A0836763  |o snkSC 11198  |i snkKIV 48/58  |8 2  |0 0  |1 0  |4 0  |d 2019-10-31  |f 1  |l 0  |r 2025-07-11 00:00:00  |w 2026-02-24